Statistics for Airlines around the world

Click here to take the quiz!

General Stats

  • This quiz has been taken 4,461 times
  • The average score is 15 of 21

Answer Stats

HintAnswer% Correct
Dubai Int'l AirportEmirates
96%
Dallas/Ft. Worth Int'l Airport, Miami Int'l Airport, Los Angeles Int'l AirportAmerican
92%
Amsterdam Airport SchipholKLM
92%
Frankfurt Airport, Munich Airport, Dusseldorf AirportLufthansa
92%
Sydney Airport, Melbourne AirportQantas
90%
Heathrow Airport, Gatwick AirportBritish Airways
88%
LaGuardia Airport, Salt Lake City AirportDelta
88%
Dulles Int'l Airport, San Francisco Int'l AirportUnited
87%
Madrid-Barajas AirportIberia
84%
Abu Dhabi Int'l AirportEtihad
77%
Reykjavik-Keflavik Int'l AirportIcelandair
74%
Narita Int'l Airport, Haneda Int'l AirportAll Nippon
72%
Changi AirportSingapore
69%
Copenhagen Airport, Stockholm-Arlanda Airport, OsloSAS
68%
Ben Gurion Int'l AirportEl Al
61%
Helsinki AirportFinnair
61%
Portland Int'l Airport, Seattle/Tacoma Int'l AirportAlaska
58%
John F. Kennedy Int'l Airport, Fort LauderdaleJetBlue
55%
King Khalid Int'l Airport, King Abdulaziz Int'l AirportSaudia
52%
Jomo Kenyatta Int'l AirportKenya Airways
44%
Denver Int'l AirportFrontier
41%

Score Distribution

Percentile by Number Answered

Percent of People with Each Score

Your Score History

You have not taken this quiz